Violence and response: a critique of the Indian criminal justice system (Record no. 967)

MARC details
000 -LEADER
fixed length control field 00520nam a2200181Ia 4500
020 ## - INTERNATIONAL STANDARD BOOK NUMBER
ISBN 81-85024-42-1
082 ## - DEWEY DECIMAL CLASSIFICATION NUMBER
Classification number 364.134 RAJ-;
100 ## - MAIN ENTRY--AUTHOR NAME
Personal name Rajgopal, P.R.
245 #0 - TITLE STATEMENT
Title Violence and response: a critique of the Indian criminal justice system
260 ## - PUBLICATION, DISTRIBUTION, ETC. (IMPRINT)
Place of publication New Delhi
Name of publisher Uppal Publishing
Year of publication 1988
300 ## - PHYSICAL DESCRIPTION
Number of Pages 302p.
504 ## - BIBLIOGRAPHY, ETC. NOTE
Bibliography, etc Includes index
650 ## - SUBJECT ADDED ENTRY--TOPICAL TERM
Topical Term Criminal justice, Administration of - India
650 ## - SUBJECT ADDED ENTRY--TOPICAL TERM
Topical Term Criminal law - India
650 ## - SUBJECT ADDED ENTRY--TOPICAL TERM
Topical Term Violence - India
650 ## - SUBJECT ADDED ENTRY--TOPICAL TERM
Topical Term Social change - India
942 ## - ADDED ENTRY ELEMENTS (KOHA)
Koha item type Books
Holdings
Withdrawn status Lost status Damaged status Not for loan Home library Current library Date acquired Bill Date Full call number Accession Number Price effective from Koha item type
        NASSDOC Library NASSDOC Library 08/06/2004 2004-10-22 364.134 RAJ-; 28000 18/04/2019 Books